| 000 | 00588cam a22002051 4500 | ||
|---|---|---|---|
| 001 | 4059197 | ||
| 005 | 20180205080036.0 | ||
| 008 | 850814s1966 iluacfh b 000 0 eng | ||
| 010 | _a 64024043 | ||
| 040 |
_aDLC/ICU _cICU _dDLC |
||
| 041 | _aeng | ||
| 080 | _a612.009 joh | ||
| 082 | 0 | 0 | _a612.009 joh |
| 100 | 1 | _a46 | |
| 101 | _apsi | ||
| 245 | 1 | 0 |
_aSelected readings in the history of physiology, _ccompiled by John F. Fulton; completed by Leonard G. Wilson. |
| 504 | _aBibliographical footnotes. | ||
| 906 |
_a7 _bcbc _corignew _du _eocip _f19 _gy-gencatlg |
||
| 942 |
_2ddc _cBK |
||
| 999 |
_c41801 _d41801 |
||